000 00587nam a2200193Ia 4500
003 OSt
005 20251003122357.0
008 220923b |||||||| |||| 00| 0 eng d
037 _cReference
040 _aRTL
_cRTL
_beng
041 _2eng
_aeng
084 _aR6, H9/SC
_qRTL
100 _aHiriyanna M.
_9847274
245 0 _aEssentials of Indian philosophy.
260 _aBombay
_bBlackie & Sons Publishers Pvt. Ltd.
_c1978
300 _a215 p.
_ccm.
_bIncludes bibliographical references and index.
942 _hR6, H9/SC
_cREF
_2CC
_n0
999 _c484259
_d484259